Normal view
MARC view
- تأليف: شهاب، بهيجة احمد
Entry Personal Name
001 - CONTROL NUMBER
- control field: 57135
003 - CONTROL NUMBER IDENTIFIER
- control field: JO-AjAnu
005 - DATE AND TIME OF LATEST TRANSACTION
- control field: 20230606083346.0
008 - FIXED-LENGTH DATA ELEMENTS
- fixed length control field: 230606|| aca||aabn | a|a d
040 ## - CATALOGING SOURCE
- Original cataloging agency: JO-AjAnu
- Transcribing agency: JO-AjAnu
100 ## - HEADING--PERSONAL NAME
- Personal name: تأليف: شهاب، بهيجة احمد
670 ## - SOURCE DATA FOUND
- Source citation: Work cat.: (JO-AjAnu)29153: تأليف: شهاب، بهيجة احمد, author, المدخل الى الخدمة الاجتماعية للصفوف الاولى قسم الاجتماع=Introduction to social work